大洋洲國家測驗 - Statistics

General Stats
  • This quiz has been taken 21 times
  • The average score is 10 of 14
Answers on the Map
Answers color-coded by a green-red scale on the quiz's map according to % correct below.
 
Answer Stats
Country % Correct
澳大利亞
100%
紐西蘭
100%
帛琉
94%
斐濟
81%
巴布亞紐幾內亞
75%
吉里巴斯
63%
薩摩亞
63%
吐瓦魯
63%
密克羅尼西亞
56%
馬紹爾群島
56%
索羅門群島
56%
萬那杜
56%
諾魯
50%
東加
50%
No matching quizzes found
Score Distribution
Percent of People with Each Score
Percentile by Number Answered
Your Score History
You have not taken this quiz